000 01034nam a2200301 c 4500
999 _c25338
_d25338
003 BLK
005 20220224164940.0
008 180413b bul|||||r ||||||| ||bul||
010 _aKNG00027874000
020 _a954-8560-38-0
040 _aBLK
041 _aBUL
_cBUL
080 _aБългарска литература
_b821.163.2
_x-4
_z821.163.2-4
080 _aБългарска литература
_b821.163.2
_x-32
_z821.163.2-32
100 1 _aБосев, Христо Иванов
_eпърви автор
_9252901
139 _aБосев, Христо Иванов
_bБ 68
245 1 0 _aВместо молитва
_bЕтюди, есета, разкази
_cХристо Иванов Босев.
257 _aBGR
260 _bПарнас
_c1999
300 _a96 с.
_bс ил.
_c21 см
380 _aX
500 _a500 тир.
852 _aЦб 200797
852 _aК 821.163.2/Б 68 Х
856 4 _qpdf
_u
856 4 _qpdf
_u
942 _cKNG
_n0
_s1
944 _aCR
_c15.01.2003
_kКети_Илиева
944 _aED
_c10.03.2014
999 _d25338
999 _d25338